| 000 | 02488cam a2200397 i 4500 | ||
|---|---|---|---|
| 003 | PE-LiUPU | ||
| 005 | 20260202143245.0 | ||
| 008 | 2501 s2025 pe a rb 000 0 spa d | ||
| 035 | _aPE-LiUPU00073 | ||
| 040 |
_aPE-LiUPU _bspa _cPE-LiUPU _erda |
||
| 082 | 0 | 4 |
_a231.044 _223 _bL111 |
| 090 |
_a231.044 _bD35 |
||
| 245 | 1 | 0 |
_aLa Deidad : _b¿podemos creer en un Dios trino? / _ceditado por Jiří Moskala, Joel Iparraguirre y Abner F. Hernández. |
| 264 | 1 |
_aBerrien Springs, Michigan : _bAdventist Theological Society, _c2025. |
|
| 264 | 3 |
_aLima : _bUniversidad Peruana Unión, Centro de Aplicación Editorial Imprenta Unión. |
|
| 300 |
_a201 páginas : _bilustraciones ; _c24 cm |
||
| 336 |
_atext _2rdacontent |
||
| 337 |
_aunmediated _2rdamedia |
||
| 338 |
_avolume _2rdacarrier |
||
| 500 | _aObra colectiva producida por la Adventist Theological Society. | ||
| 500 | _aIncluye estudios bíblicos, históricos y teológicos sobre la doctrina de la Trinidad. | ||
| 500 | _aLas citas bíblicas provienen de diversas versiones, entre ellas RV95, RVC, RVA15, RVR60, NVI, NTV y otras. | ||
| 505 | _aESTUDIOS INTRODUCTORIOS Y BÍBLICOS -- La Deidad: Una introducción al Dios trino -- La Deidad en el antiguo testamento -- La Deidad en el nuevo testamento -- ESTUDIOS HISTÓRICOS Y TEOLÓGICOS -- La Deidad en el cristianismo: Breve recuento histórico -- La Deidad en la historia del movimiento adventista -- La Deidad en los escritos de Elena de White -- Una evaluación de la hermenéutica antitrinitaria moderna -- ¿Quién es en verdad, el Dios de la Biblia? | ||
| 520 | _aObra académica que examina la doctrina de la Deidad y la creencia en un Dios trino desde una perspectiva bíblica, histórica y teológica dentro del pensamiento adventista, abordando el Antiguo y Nuevo Testamento, la historia del cristianismo y el desarrollo doctrinal adventista. | ||
| 650 | 1 | 4 |
_aTrinidad _93711 |
| 650 | 2 | 4 |
_aDios _xDoctrina cristiana. _97922 |
| 650 | 0 |
_aTeología sistemática _xAdventistas del Séptimo Día. _97202 |
|
| 650 | 2 | 4 |
_aIglesia Adventista del Séptimo Día _xDoctrinas. _97923 |
| 700 | 1 |
_aMoskala, Jiří, _eeditor. _91292 |
|
| 700 | 1 |
_aIparraguirre, Joel, _eeditor. |
|
| 700 | 1 |
_aHernández, Abner F., _eeditor. |
|
| 710 | 2 |
_aAdventist Theological Society, _eeditor. |
|
| 710 | 2 |
_aUniversidad Peruana Unión. _bImprenta Unión, _eimpresor. |
|
| 942 |
_2ddc _cBK |
||
| 980 |
_618228 _aRebeca Esther Huerta Leyton _818226 _gJaime Vilcazán Jefe de Análisis Documental |
||
| 999 |
_c63236 _d63235 |
||